Govt. of
Madhya Pradesh

Book of The Balance of Wisdom (Record no. 39141)

MARC details
000 -LEADER
fixed length control field 003750000a22001570004500
003 - CONTROL NUMBER IDENTIFIER
control field MACL
005 - DATE AND TIME OF LATEST TRANSACTION
control field 20160102170524.0
008 - FIXED-LENGTH DATA ELEMENTS--GENERAL INFORMATION
fixed length control field 160102b xxu||||| |||| 00| 0 eng d
040 ## - CATALOGING SOURCE
Original cataloging agency MACL
Transcribing agency MACL
041 ## - LANGUAGE CODE
Language code of text/sound track or separate title English
082 ## - DEWEY DECIMAL CLASSIFICATION NUMBER
Classification number 531/KHA
100 ## - MAIN ENTRY--PERSONAL NAME
Personal name Khanikoff, N
9 (RLIN) 27401
245 ## - TITLE STATEMENT
Title Book of The Balance of Wisdom
650 ## - SUBJECT ADDED ENTRY--TOPICAL TERM
Topical term or geographic name as entry element Physics
9 (RLIN) 27402
942 ## - ADDED ENTRY ELEMENTS (KOHA)
Koha item type Books
Call number prefix 531/KHA
Source of classification or shelving scheme
Holdings
Withdrawn status Lost status Source of classification or shelving scheme Damaged status Not for loan Home library Current library Date acquired Total Checkouts Full call number Barcode Date last seen Uniform Resource Identifier Price effective from Koha item type
          MACL MACL 15/04/2015   531/KHA CLE010298 29/04/2015 39366 15/04/2015 Books